000 00674nam a2200217 i 4500
001 9960
003 ES-MaACL
005 20240229063302.0
007 t|
008 940601s1993 sp ||||1| spa d
020 _a84-7583-358-6
080 _a398.9(46)
100 0 _aLuján, Néstor,
_d1922-1995
_974707
245 1 0 _aCuento de cuentos
_b: origen y aventura de ciertas palabras y frases proverbiales /
_cNéstor Luján.
250 _a[3ª ed.].
260 _aBarcelona :
_bFolio,
_c1993.
300 _a254 p. :
_bil. ;
_c25 cm.
650 4 _aRefranes y proverbios-
_zEspaña.
_916726
852 _aES-MaACL
_jL-10384
_bR.122921
999 _c9960
_d9960